00517 2200169 4500001002100000005001700021035002500038084002300063090002300086100002200109245007100131260006600202300003100268990001600299990001600315990001600331YOGYA00000000009678620160422103200.0 a0010-081400000096503 aNUS 722.4992 Mah R aNUS 722.4992 Mah R aMAHYUDIN AL MUDRA aRumah Melayub: Memangku Adat Menjemput Zamanc/ Mahyudin Al Mudra aYogyakartabBalai Kajian dan Pengembangan Budaya Melayuc2004 ax, 165 hlm.bilus.c23 cm. a024-PD/B.13 a022-PD/B.13 a023-PD/B.13